Κατάλογος Βιβλιοθηκών Mediterranean College

Business in Action / Accompanied by SSweetco: A Resource and Activity File (Record no. 948)

MARC details
000 -LEADER
fixed length control field 02538cam a22002294a 4500
005 - ΗΜΕΡΟΜΗΝΙΑ ΚΑΙ ΩΡΑ ΤΕΛΕΥΤΑΙΑΣ ΕΝΗΜΕΡΩΣΗΣ
Πεδίο ελέγχου 20250605163950.0
008 - FIXED-LENGTH DATA ELEMENTS--GENERAL INFORMATION
Πεδίο ελέγχου σταθερού μήκους 250528s ||||||||||||||||||||||||d
035 ## - SYSTEM CONTROL NUMBER
System control number 15361
020 ## - ISBN
ISBN 70791643
040 ## - ΠΗΓΗ ΚΑΤΑΛΟΓΟΓΡΑΦΗΣΗΣ
Φορέας πρωτότυπης καταλογογράφησης MC Athens Campus Library
Γλώσσα καταλογογράφησης Ελληνικά, Μοντέρνα (1453-)
Modifying agency MC Athens Campus Library
Κανόνες περιγραφικής καταλογογράφησης AACR2
245 1# - ΤΙΤΛΟΣ ΚΑΙ ΔΗΛΩΣΗ ΥΠΕΥΘΥΝΟΤΗΤΑΣ
Τίτλος Business in Action / Accompanied by SSweetco: A Resource and Activity File
260 ## - PUBLICATION, DISTRIBUTION, ETC.
Name of publisher, distributor, etc. Mcgraw Hill Book Company,
Date of publication, distribution, etc. 1980
300 ## - PHYSICAL DESCRIPTION
Extent 422
505 0# - FORMATTED CONTENTS NOTE
Formatted contents note The Nature of American Business, The Business System in America, The American Economy System, The American Business Environment, The Form and Structure of American Business, The Legal Forms of Business Ownership, Managerial Functions in a Business, Internal Structure of Business Organizations, Basic Business Operations - Marketing, Markets and Marketing, Marketing Distribution Systems, Marketing Promotion, Basic Business Operations - Production, Location and Layout and Management of Facilities, Production Materials Management, Basic Business Operations - Finance, Financial Management and Funding, Money Supply and Financial Institutions, Risk and Insurance and Credit Management, Basic Business Operations - Personnel, Personnel Administration, Human Resource Management, Labor Management Relations, Basic Business Operations - Information and Controls, Information Systems and Decision Making and Planning, Advanced Business Operations, Appendix, Glossary. Index.
520 ## - SUMMARY, ETC.
Summary, etc. The Nature of American Business, The Business System in America, The American Economy System, The American Business Environment, The Form and Structure of American Business, The Legal Forms of Business Ownership, Managerial Functions in a Business, Internal Structure of Business Organizations, Basic Business Operations - Marketing, Markets and Marketing, Marketing Distribution Systems, Marketing Promotion, Basic Business Operations - Production, Location and Layout and Management of Facilities, Production Materials Management, Basic Business Operations - Finance, Financial Management and Funding, Money Supply and Financial Institutions, Risk and Insurance and Credit Management, Basic Business Operations - Personnel, Personnel Administration, Human Resource Management, Labor Management Relations, Basic Business Operations - Information and Controls, Information Systems and Decision Making and Planning, Advanced Business Operations, Appendix, Glossary. Index.
700 1# - ΠΡΟΣΘΕΤΗ ΑΝΑΓΡΑΦΗ--ΦΥΣΙΚΟ ΠΡΟΣΩΠΟ
Personal name Bittel R. Lester
9 (RLIN) 1261
700 1# - ΠΡΟΣΘΕΤΗ ΑΝΑΓΡΑΦΗ--ΦΥΣΙΚΟ ΠΡΟΣΩΠΟ
Personal name Burke Ronald S
9 (RLIN) 1262
700 1# - ΠΡΟΣΘΕΤΗ ΑΝΑΓΡΑΦΗ--ΦΥΣΙΚΟ ΠΡΟΣΩΠΟ
Personal name Hoke Pavey L
9 (RLIN) 1263
942 ## - ADDED ENTRY ELEMENTS (KOHA)
Koha item type Books
Holdings
Τύπος τεκμηρίου Βιβλιοθήκη Τρέχουσα τοποθεσία Barcode Αριθμός εισαγωγής Ημερομηνία απόκτησης Ταξιθετικό σύμβολο Αριθμός αντιτύπου Κατάσταση απόσυρσης Κατάσταση χαμένου Κατάσταση κατεστραμμένου Μη δανεισμός Σύνολο δανεισμών Ημερομηνία τελευταίας εμφάνισης Η τιμή ισχύει από
Books MC Athens Campus Library MC Athens Campus Library 9780000009470 1613 05/06/2025 658.4 BIT 1           05/06/2025 05/06/2025

MC Athens Campus Library
Πατησίων 94 & Κοδριγκτώνος 13, 104 34
Πελλήνης 8 & Πατησίων 107, 112 51
Τ: +30 210 8899600

MC Thessaloniki Campus Library
Ίωνος Δραγούμη 21, 54625 | Ίωνος Δραγούμη 15, 54625
Τ: +30 2310 287779 – Τ: +30 2314 440300